Rome-te kianga Laikhak / (Record no. 4151)

MARC details
000 -LEADER
fixed length control field 00491nam a22001697a 4500
003 - CONTROL NUMBER IDENTIFIER
control field GBCCL
005 - DATE AND TIME OF LATEST TRANSACTION
control field 20241126110512.0
008 - FIXED-LENGTH DATA ELEMENTS--GENERAL INFORMATION
fixed length control field 180115b xxu||||| |||| 00| 0 eng d
040 ## - CATALOGING SOURCE
Transcribing agency gbc
082 ## - DEWEY DECIMAL CLASSIFICATION NUMBER
Classification number VER 227.107
Item number JAM
100 ## - MAIN ENTRY--PERSONAL NAME
Personal name Jamkhothang, T.
9 (RLIN) 7457
245 ## - TITLE STATEMENT
Title Rome-te kianga Laikhak /
Statement of responsibility, etc. T. Jamkhothang
260 ## - PUBLICATION, DISTRIBUTION, ETC.
Place of publication, distribution, etc. Churachandpur:
Name of publisher, distributor, etc. Manipur Christian Convention,
Date of publication, distribution, etc. 1969
300 ## - PHYSICAL DESCRIPTION
Extent 224 p.;
Dimensions 18 cm.
650 ## - SUBJECT ADDED ENTRY--TOPICAL TERM
Topical term or geographic name entry element Bible
Form subdivision New Testament
-- Romans
General subdivision Commentary
9 (RLIN) 7916
942 ## - ADDED ENTRY ELEMENTS (KOHA)
Source of classification or shelving scheme Dewey Decimal Classification
Koha item type Books
Koha issues (borrowed), all copies 3
Holdings
Withdrawn status Lost status Source of classification or shelving scheme Damaged status Not for loan Collection Home library Current Library Shelving location Date acquired Total checkouts Full call number Barcode Date last seen Date last checked out Copy number Price effective from Koha item type
    Dewey Decimal Classification       GRACE BIBLE COLLEGE GRACE BIBLE COLLEGE Vernacular 2018-01-15 2 VER 227.107 JAM 000244 2025-05-01 2020-02-10 c.1 2018-01-15 Books
    Dewey Decimal Classification       GRACE BIBLE COLLEGE GRACE BIBLE COLLEGE Vernacular 2018-01-15 1 VER 227.107 JAM 000245 2025-05-01 2024-10-29 c.2 2018-01-15 Books
© Grace Bible College Library 2025